The noble scholar, jurist, historian


 His Excellency Dr. Abdul Wahhab bin Ibrahim Abu Sulaiman, may Allah have mercy on him.


 He was born in Umm Al-Qura in the year 1356 AH.

تفسير سورة الفاتحة / (Record no. 13683)

MARC details
000 -LEADER
fixed length control field 01072cam a22002651i 4500
003 - CONTROL NUMBER IDENTIFIER
control field SA-RiAUC
005 - DATE AND TIME OF LATEST TRANSACTION
control field 20251224142712.0
008 - FIXED-LENGTH DATA ELEMENTS--GENERAL INFORMATION
fixed length control field 251223s1998 le g 00000 ara c
040 ## - CATALOGING SOURCE
Original cataloging agency SA-RiAUC
Language of cataloging ara
Transcribing agency SA-RiAUC
Description conventions rda
082 04 - DEWEY DECIMAL CLASSIFICATION NUMBER
Classification number 227.6
Assigning agency SA-RiAUC
090 ## - LOCALLY ASSIGNED LC-TYPE CALL NUMBER (OCLC); LOCAL CALL NUMBER (RLIN)
Classification number (OCLC) (R) ; Classification number, CALL (RLIN) (NR) 227.6
Local cutter number (OCLC) ; Book number/undivided call number, CALL (RLIN) ا ب ن د
100 1# - MAIN ENTRY--PERSONAL NAME
Personal name ابن دهيش، عبد الله بن عمر بن عبد الله،
Dates associated with a name 1320-1406 هجري
Relator term مؤلف.
245 10 - TITLE STATEMENT
Title تفسير سورة الفاتحة /
Statement of responsibility, etc. عبد الله بن عمر بن دهيش.
250 ## - EDITION STATEMENT
Edition statement الطبعة الأولى.
264 #1 - PRODUCTION, PUBLICATION, DISTRIBUTION, MANUFACTURE, AND COPYRIGHT NOTICE
Place of production, publication, distribution, manufacture بيروت :
Name of producer, publisher, distributor, manufacturer دار خضر للطباعه والنشر،
Date of production, publication, distribution, manufacture, or copyright notice 1998
300 ## - PHYSICAL DESCRIPTION
Extent 240 صفحة ؛
Dimensions 25 سم.
336 ## - CONTENT TYPE
Content type term نص
Content type code txt
Source rdacontent
Materials specified كتاب
337 ## - MEDIA TYPE
Media type term بدون وسيط
Media type code n
Source rdamedia
338 ## - CARRIER TYPE
Carrier type term مجلد
Carrier type code nc
Source rdacarrier
490 0# - SERIES STATEMENT
Series statement سلسلة مؤلفات الشيخ عبد الله بن عمر بن دهيش ؛
Volume/sequential designation 1
630 27 - SUBJECT ADDED ENTRY--UNIFORM TITLE
Uniform title القرآن.
Name of part/section of a work سورة الفاتحة
General subdivision تفاسير
Source of heading or term aucut
730 22 - ADDED ENTRY--UNIFORM TITLE
Uniform title القرآن.
942 ## - ADDED ENTRY ELEMENTS (KOHA)
Source of classification or shelving scheme Dewey Decimal Classification
Koha item type Books
Suppress in OPAC No
949 ## - LOCAL PROCESSING INFORMATION (OCLC)
a SA-JeALM
d 251223
u mohamedma123
n 1
Holdings
Withdrawn status Lost status Source of classification or shelving scheme Damaged status Not for loan Home library Current library Date acquired Total checkouts Full call number Barcode Date last seen Price effective from Koha item type
    Dewey Decimal Classification     DR AbdElwahab Library DR AbdElwahab Library 12/24/2025   227.6 ا ب ن د 000021949 12/24/2025 12/24/2025 Books